Américain football logo - Statistics

General Stats
  • This quiz has been taken 24 times
  • The average score is 5 of 6
Answer Stats
Picture Answer % Correct
Dolphins
95%
Eagles
95%
Chiefs
79%
49ers
74%
Bills
74%
Packers
47%
No matching quizzes found
Score Distribution
Percent of People with Each Score
Percentile by Number Answered
Your Score History
You have not taken this quiz